000 00787nam a2200277 i 4500
001 C2-0263881
003 PPAK
005 20180727232506.0
008 050403s2004 my a|||| ||||| | may d
020 _a9832303958
040 _aPPAK
_beng
_cPPAK
_erda
082 0 4 _a321.009595
_223
090 0 0 _a321.009595
_bSUL
_dK
100 0 _aSulaiman Zakaria,
_eauthor
245 1 0 _aInstitusi beraja
264 1 _aPetaling Jaya, Selangor :
_bKualiti Books ,
_c2004
300 _a56 pages :
_billustrations ;
_c26 cm
336 _2rdacontent
_atext
337 _2rdamedia
_aunmediated
338 _2rdacarrier
_avolume
490 1 _aSiri kenegaraan
650 1 0 _aKings and rulers - Malaysia ; Malaysia - Constitution
700 _eauthor
830 0 _aSiri kenegaraan
942 _ddc
_cB
999 _c73940
_d73940